Welcome to the Holygrace Academy Library

Please use search bar below to get started

AGRICULTURAL ECONOMICS (Record no. 1692)

MARC details
000 -LEADER
fixed length control field 00379nam a22001457a 4500
020 ## - INTERNATIONAL STANDARD BOOK NUMBER
ISBN 81-7866-029-6
082 ## - DEWEY DECIMAL CLASSIFICATION NUMBER
Classification number 300
Item number DES/A
100 ## - MAIN ENTRY--AUTHOR NAME
Personal name DESAI, R.G
245 ## - TITLE STATEMENT
Title AGRICULTURAL ECONOMICS
Remainder of title MODELS, PROBLEMS & POLICY ISSUES
250 ## - EDITION STATEMENT
Edition statement SECOND EDITION
260 ## - PUBLICATION, DISTRIBUTION, ETC. (IMPRINT)
Place of publication MUMBAI
Name of publisher HIMALAYA PUBLISHING HOUSE
Year of publication 2001
300 ## - PHYSICAL DESCRIPTION
Number of Pages 323
650 ## - SUBJECT ADDED ENTRY--TOPICAL TERM
Topical Term ECONOMICS REFERENCE
Geographic subdivision INDIA
942 ## - ADDED ENTRY ELEMENTS (KOHA)
Koha item type Books
Holdings
Withdrawn status Lost status Collection code Home library Current library Shelving location Date acquired Source of acquisition Cost, normal purchase price Full call number Accession Number Koha item type
    Reference Main Library Main Library SHELF-5- I - REFERENCE ECONOMICS COMPUTER SCIENCE 24/10/2006 purchase 150.00 300 DES/A 04159 Books